La vuelta al mundo

Na minha lista:
Detalhes bibliográficos
Formato: Livro
Idioma:espanhol
Publicado em: Pestalozzi 1957
Assuntos:
Tags: Adicionar Tag
Sem tags, seja o primeiro a adicionar uma tag!

MARC

LEADER 00000nam a2200000 a 4500
001 UCW4450
003 CL-VaPUC
008 900409e19570000GW |||||||||||||||||spa|d
082 0 4 |a 808.068  |b VUE  |2 21 
245 1 3 |a La vuelta al mundo 
300 |a 8 p 
942 |c BK 
945 |d 19900409 00:00:00 
260 |b Pestalozzi  |c 1957 
650 0 |a Cuentos infantiles  |9 308044 
650 0 |a Literatura infantil   |9 307465 
583 |a last modification  |c 20130307 07:54:43  |k Rodrigo Vera 
999 |c 218186  |d 218184 
952 |0 0  |1 0  |4 0  |6 808_068000000000000_VUE_1957  |7 0  |8 A  |9 207237  |a BIBEDU  |b BIBEDU  |d 2019-11-15  |i 2750333  |o 808.068 VUE 1957  |p 2750333  |r 2019-11-15  |w 2019-11-15  |y BK  |k EDU